| 000 | 00492 a2200169 4500 | ||
|---|---|---|---|
| 999 |
_c4516 _d4516 |
||
| 010 | _aENG-86363 | ||
| 020 |
_a1403930255 _c560.00 |
||
| 035 | _aEN-69896 | ||
| 037 | _bDBAD / PUB | ||
| 082 | 1 | 4 | _a338.95402 |
| 245 | 1 |
_aDocumenting reforms : _ced. by S. Narayan _bcase studies from India / |
|
| 260 |
_aNew Delhi _bMacmillan India _c2006 |
||
| 300 |
_aviii, 338 p. _c25cm. (Hb.) |
||
| 500 | _aIncludes index | ||
| 700 | 1 | _aNarayan, S | |
| 942 |
_adpl _cEN _2ddc _h338.95402 _mDOC |
||